000 00987nam a2200265 i 4500
001 182950
003 ES-MaACL
005 20250831013910.0
008 140107s1972 sp |||| | spa d
080 _a308(73)
080 _a338(73)
245 0 0 _aDebate sobre Norteamérica /
_c[Traducción, Helena Valentí].
260 _a[Barcelona] :
_bAnagrama,
_c[1972]
300 _a136 p. ;
_c18 cm.
490 1 _aCuadernos Anagrama. Serie, Documentos ;
_v37
505 8 _aContiene: Adónde va América? ; Las leyes del desarrollo desigual / Ernest Mandel. La contradicción universal / Martín Nicolaus
651 4 _aEstados Unidos-
_xSituación social
_98575
651 4 _aEstados Unidos-
_xSituación económica
_98572
700 1 _aValentí, Helena.
_9112595
700 1 _aMandel, Ernest.
_975941
700 1 _aNicolaus, Martín.
_985590
830 0 _aCuadernos Anagrama. Serie, Documentos ;
_v37
_9185119
852 _aES-MaACL
_jC-52750
999 _c182950
_d182950